Quizzes
Events
Quiz Creation
Community
Videos
Private Events
Remove Ads
Sign In
Join for FREE
Feedback
Dark Mode
Quiz Categories
Sports
Geography
Music
Movies
Television
Just For Fun
Miscellaneous
History
Literature
Language
Science
Gaming
Entertainment
Religion
Holiday
For Kids
Quiz Lab
Recent
Popular Today
Quiz Kudos Today
Editor Picks
Curator Picks
Quizzes by...
Day
Popularity
Type
Ratings
Length
Year
Community
Subscriptions
Recent Discussions
Orange Saloon
Badges
Playlists
Quests
Create
Leaderboards
Showdown
Live 5
Trivia Bingo
Activity
Puzzle Library
Sporcle Events
Private Events
Virtual Trivia
Globe League
Become a Host
Pub Owners
SporcleCon
Opinionation
Our Games
Videos
Blog
Mobile Apps
Partnerships
Remove Ads and Go Orange
Feedback
Geography
Country
Landmarks
City
State
Population
World
Capital
Continent
Flags
Europe
Africa
Asia
South America
North America
Oceania
Border
Canada
United Kingdom
Topography
United States
Geography
Country
Landmarks
City
State
Population
World
Capital
Continent
Flags
Europe
Africa
Asia
South America
North America
Oceania
Border
Canada
United Kingdom
Topography
United States
Random Quiz
Search Sporcle
×
Quiz Lab
Quiz Lab
Geography
Benelux
Type answers that appear on an image
Type answers that appear on an image
Map
Best Score? Go Orange.
Municipalities of Limburg, Belgium (Map) Stats
Can you name the Municipalities of Limburg, Belgium (Map)?
By
RhoQ1
10m
44 Questions
1,546 Plays
1,546 Plays
1,546 Plays
Comments
Comments
Give Quiz Kudos
Give Quiz Kudos
-
- Ratings
hide this ad
Replay
Link that replays current quiz
Next Quiz
Link to next quiz in quiz playlist
You Got
0%
They Got
Avg Score
78%
Avg Friend Score
Upgrade to see
Score Distribution
Jump to the score distribution portion of the page
Score
0/44
Timer
10:00
1
Play Today
% Correct
Hasselt
98.3%
Genk
97%
Sint-Truiden
94.6%
Maasmechelen
93.9%
Tongeren
92.9%
Maaseik
92.1%
Lommel
91.8%
Overpelt
86.5%
Voeren
86.5%
Neerpelt
85.8%
Ham
85.1%
Tessenderlo
85.1%
Beringen
84.9%
Bree
84.5%
Peer
84.3%
Houthalen-Helchteren
82.3%
Lanaken
81.5%
Heusden-Zolder
81%
Diepenbeek
80.8%
Leopoldsburg
79.8%
Hamont-Achel
79%
Bilzen
78.5%
% Correct
Zonhoven
78.2%
Riemst
76.1%
Kinrooi
75%
Herk-de-Stad
74.7%
Alken
74.6%
Dilsen-Stokkem
74.5%
Meeuwen-Gruitrode
74%
As
73.7%
Herstappe
73.3%
Lummen
73.3%
Opglabbeek
72.3%
Bocholt
71.3%
Borgloon
71.2%
Hechtel-Eksel
70.1%
Zutendaal
67%
Gingelom
66.8%
Halen
66.2%
Hoeselt
65.1%
Heers
62.9%
Wellen
62.9%
Kortessem
60.4%
Nieuwerkerken
59.6%
Quiz Playlist
Details
Report
Send in Message
Add To Playlist
Map:
Type answers that appear on an image
Last Updated: Jul 31, 2017
Quiz Scoreboard
CHALLENGE
Sign Up to Join the Scoreboard
Show All
Scores
Hide
Comments
May contain spoilers
Recently Published
An Introduction to Baseball
by treessimontrees
Sports
5m
Movies - When Are They Set?
by FPL_Elf
Movies
5m
Popular People in 1961
by mucciniale
History
6m
More to Explore
Quiz From the Vault
Featured Blog Post
Where Did the Easter Bunny Come From?
hide this ad
You Might Also Like...
Tags
Belgium
Benelux
Municipality
Today's Top Quizzes in Geography
Browse Geography
hide this ad
Today's Top Quizzes in Benelux
Browse Benelux
Top Contributed Quizzes in Geography
1
Countries of the World - No Outlines Minefield
2
Top 25 Cities of France on a map
3
Closest Countries to UK A-Z
4
One Thing in Common: United Kingdom
5
Any capital of a 'B' country per Continent
6
Blind Secret Country CLXXXVIII
7
African Flag Reveal XLV
8
Blind Ultimate Minefield: USA
9
Find the US States - No Outlines
10
One Thing in Common: Asia
Explore More
Trending Topics
Marvel
Anime
NBA
Kpop
Harry Potter
Crossword
Disney
Country
Puzzle
WWE
NFL
The Office
Pokémon
Song
Soccer
hide this ad
More By:
RhoQ1
Quiz
Plays
Rating
Category
Featured
Created
Towns in Flanders, Belgium / Gemeenten in Vlaanderen
2,945
4.92
Geography
Jul 12, 2012
Rivers of France (map)
1,954
4.92
Geography
Apr 13, 2015
Municipalities of Vlaams Brabant (Map)
1,760
5.00
Geography
Apr 6, 2015
Municipalities of West-Vlaanderen (Map)
1,608
5.00
Geography
Apr 6, 2015
Municipalities of Antwerp (Map)
1,556
5.00
Geography
Apr 6, 2015
Go to Creator's Profile
Score Distribution
Quiz Creator Spotlight
RhoQ1
Follow
Send a Message
Quizzes Created
-
Created Quiz Play Count
-
More By This Creator
Popular Quizzes Today
1
Find the Countries of Europe - No Outlines Minefield
2
Find the US States - No Outlines Minefield
3
The Countries of the World
4
Popular People in 1961
5
US States
6
1-10 Letter E Words III
7
Find the US States
8
One Thing in Common: World Cities II
More Geography Quizzes
Spinning Earth VII
Published
Trending Quizzes
Risky Map Clicking: Least Populous States A-Z
1-10 Letter F Words
1-10 Letter G Words
One Thing in Common: United Kingdom
Risky Map Clicking: Next State Alphabetically
Recently Updated
Leaping Animals
pecheneg
Reality TV Shows (A-Z)
bhenderson79
Rickey Henderson's Hall of Fame Teammates
pecheneg
Champions League XIs: Arsenal
pecheneg
Quick Pick: Celebrities in WWE's Hall of Fame
aduchscher
A-Z Keypad Blitz II
pecheneg
Multiple Oscar Actors
pecheneg
Mystery Phrase Blitz: Oscar 'Best Actors'
pecheneg
F. Scott Fitzgerald Novels
LTH
Pick 3 Villains
ddd62291
Trending Topics
Disney
Kpop
Marvel
NBA
Crossword
Anime
Harry Potter
The Office
Pokémon
NFL
WWE
Song
Country
Puzzle
Soccer
Your Account Isn't Verified!
In order to create a playlist on Sporcle, you need to verify the email address you used during registration. Go to your
Sporcle Settings
to finish the process.
Report this User
Report this user for behavior that violates our
Community Guidelines
.
Details:
Send Report
Go to the Sporcle.com Mobile Site →
Comments